[Event "Deutsche Ländermeisterschaft 2023"]
[Site "Hannover GER"]
[Date "2023.10.03"]
[Round "4"]
[White "Sommer, Justus"]
[Black "Uyar, Levin"]
[Result "1-0"]
[Termination "normal"]
[Board "4.4"]
[WhiteElo "2041"]
[BlackElo "1720"]
[WhiteClock "00:32:06"]
[BlackClock "00:22:03"]
[WhiteTeam "Schleswig-Holstein"]
[BlackTeam "Baden"]
[PlyCount "87"]
[WhiteFideId "16245008"]
[BlackFideId "16282108"]
[EventCountry "GER"]
[EventRounds "7"]
[EventType "team-swiss"]
[EventDate "2023.09.30"]

1. e4 {[%clk 01:30:54]} {[%emt 00:00:04]} e5 {[%clk 01:30:54]} {[%emt
00:00:07]} 2. Nf3 {[%clk 01:31:10]} {[%emt 00:00:09]} Nc6 {[%clk 01:31:21]}
{[%emt 00:00:08]} 3. Bb5 {[%clk 01:31:20]} {[%emt 00:00:20]} a6 {[%clk
01:31:44]} {[%emt 00:00:07]} 4. Ba4 {[%clk 01:31:41]} {[%emt 00:00:09]} Nf6
{[%clk 01:32:07]} {[%emt 00:00:07]} 5. O-O {[%clk 01:31:01]} {[%emt 00:01:08]}
Nxe4 {[%clk 01:32:29]} {[%emt 00:00:10]} 6. d4 {[%clk 01:31:20]} {[%emt
00:00:10]} b5 {[%clk 01:32:52]} {[%emt 00:00:07]} 7. Bb3 {[%clk 01:31:44]}
{[%emt 00:00:05]} d5 {[%clk 01:33:16]} {[%emt 00:00:07]} 8. dxe5 {[%clk
01:31:53]} {[%emt 00:00:21]} Be6 {[%clk 01:33:37]} {[%emt 00:00:09]} 9. Nbd2
{[%clk 01:31:03]} {[%emt 00:01:19]} Be7 {[%clk 01:31:59]} {[%emt 00:02:09]} 10.
c3 {[%clk 01:29:08]} {[%emt 00:02:24]} Nc5 {[%clk 01:32:11]} {[%emt 00:00:19]}
11. Re1 {[%clk 01:26:07]} {[%emt 00:03:30]} d4 {[%clk 01:14:36]} {[%emt
00:18:06]} 12. Bxe6 {[%clk 01:24:51]} {[%emt 00:01:45]} fxe6 {[%clk 01:12:37]}
{[%emt 00:02:30]} 13. cxd4 {[%clk 01:18:47]} {[%emt 00:06:34]} Nxd4 {[%clk
01:12:23]} {[%emt 00:00:44]} 14. Ne4 {[%clk 01:16:30]} {[%emt 00:02:47]} Nc6
{[%clk 01:06:43]} {[%emt 00:06:10]} 15. Nxc5 {[%clk 00:59:25]} {[%emt
00:17:36]} Qxd1 {[%clk 01:04:53]} {[%emt 00:02:20]} 16. Rxd1 {[%clk 00:59:46]}
{[%emt 00:00:07]} Bxc5 {[%clk 01:05:17]} {[%emt 00:00:07]} 17. Bg5 {[%clk
00:46:44]} {[%emt 00:13:31]} Ne7 {[%clk 00:51:57]} {[%emt 00:13:51]} 18. a4
{[%clk 00:40:14]} {[%emt 00:06:59]} Rc8 {[%clk 00:35:34]} {[%emt 00:16:54]} 19.
Rdc1 {[%clk 00:35:40]} {[%emt 00:05:03]} Bb6 {[%clk 00:35:36]} {[%emt
00:00:29]} 20. a5 {[%clk 00:34:46]} {[%emt 00:01:23]} Ba7 {[%clk 00:35:46]}
{[%emt 00:00:21]} 21. Bxe7 {[%clk 00:34:56]} {[%emt 00:00:19]} Kxe7 {[%clk
00:36:10]} {[%emt 00:00:06]} 22. Rc6 {[%clk 00:35:14]} {[%emt 00:00:11]} h6
{[%clk 00:13:34]} {[%emt 00:23:07]} 23. Rxa6 {[%clk 00:30:21]} {[%emt
00:05:23]} Ra8 {[%clk 00:13:35]} {[%emt 00:00:30]} 24. Rc6 {[%clk 00:29:19]}
{[%emt 00:01:30]} Kd7 {[%clk 00:10:58]} {[%emt 00:03:08]} 25. Rac1 {[%clk
00:29:19]} {[%emt 00:00:29]} Rac8 {[%clk 00:08:42]} {[%emt 00:02:46]} 26. Ra6
{[%clk 00:22:15]} {[%emt 00:07:34]} Ra8 {[%clk 00:08:59]} {[%emt 00:00:14]} 27.
Rd1+ {[%clk 00:22:32]} {[%emt 00:00:12]} Ke7 {[%clk 00:08:45]} {[%emt
00:00:41]} 28. Rc6 {[%clk 00:22:50]} {[%emt 00:00:16]} Rac8 {[%clk 00:07:47]}
{[%emt 00:01:29]} 29. Kf1 {[%clk 00:19:03]} {[%emt 00:04:15]} Rhf8 {[%clk
00:06:40]} {[%emt 00:01:38]} 30. Ke2 {[%clk 00:15:30]} {[%emt 00:04:02]} g5
{[%clk 00:06:08]} {[%emt 00:01:04]} 31. Nd4 {[%clk 00:10:48]} {[%emt 00:05:12]}
Bxd4 {[%clk 00:04:27]} {[%emt 00:02:11]} 32. Rxd4 {[%clk 00:11:11]} {[%emt
00:00:06]} Rf5 {[%clk 00:04:20]} {[%emt 00:00:37]} 33. Rc5 {[%clk 00:09:40]}
{[%emt 00:02:00]} c6 {[%clk 00:03:25]} {[%emt 00:01:25]} 34. g4 {[%clk
00:07:13]} {[%emt 00:02:57]} Rff8 {[%clk 00:03:06]} {[%emt 00:00:50]} 35. Rd6
{[%clk 00:03:47]} {[%emt 00:03:55]} Rf4 {[%clk 00:02:29]} {[%emt 00:01:07]} 36.
Rcxc6 {[%clk 00:02:56]} {[%emt 00:01:22]} Rxc6 {[%clk 00:02:55]} {[%emt
00:00:04]} 37. Rxc6 {[%clk 00:03:19]} {[%emt 00:00:06]} Rb4 {[%clk 00:01:44]}
{[%emt 00:01:36]} 38. a6 {[%clk 00:02:37]} {[%emt 00:01:16]} Rxb2+ {[%clk
00:02:05]} {[%emt 00:00:09]} 39. Ke3 {[%clk 00:02:32]} {[%emt 00:00:34]} Rb4
{[%clk 00:01:55]} {[%emt 00:00:41]} 40. a7 {[%clk 00:02:13]} {[%emt 00:00:49]}
Ra4 {[%clk 00:02:19]} {[%emt 00:00:06]} 41. Rc7+ {[%clk 00:02:37]} {[%emt
00:00:06]} Kd8 {[%clk 00:21:55]} {[%emt 00:10:54]} 42. Rb7 {[%clk 00:32:49]}
{[%emt 00:00:17]} Ra3+ {[%clk 00:21:52]} {[%emt 00:00:34]} 43. Kd2 {[%clk
00:32:46]} {[%emt 00:00:31]} Ra2+ {[%clk 00:22:03]} {[%emt 00:00:21]} 44. Kc1
{[%clk 00:32:06]} {[%emt 00:01:10]} 1-0

[Event "Deutsche Ländermeisterschaft 2023"]
[Site "Hannover GER"]
[Date "2023.10.03"]
[Round "4"]
[White "Fischer, Darja"]
[Black "Falke, Ornella"]
[Result "1-0"]
[Termination "normal"]
[Board "4.5"]
[BlackTitle "WCM"]
[WhiteElo "1818"]
[BlackElo "1990"]
[WhiteClock "00:30:50"]
[BlackClock "00:02:49"]
[WhiteTeam "Baden"]
[BlackTeam "Schleswig-Holstein"]
[PlyCount "119"]
[WhiteFideId "16240898"]
[BlackFideId "16207092"]
[EventCountry "GER"]
[EventRounds "7"]
[EventType "team-swiss"]
[EventDate "2023.09.30"]

1. d4 {[%clk 01:30:58]} {[%emt 00:00:02]} Nf6 {[%clk 01:30:49]} {[%emt
00:00:12]} 2. c4 {[%clk 01:31:24]} {[%emt 00:00:04]} e6 {[%clk 01:31:14]}
{[%emt 00:00:05]} 3. Nf3 {[%clk 01:31:50]} {[%emt 00:00:04]} d5 {[%clk
01:31:20]} {[%emt 00:00:25]} 4. Nc3 {[%clk 01:32:14]} {[%emt 00:00:06]} Be7
{[%clk 01:29:31]} {[%emt 00:02:19]} 5. Bg5 {[%clk 01:32:16]} {[%emt 00:00:28]}
O-O {[%clk 01:27:56]} {[%emt 00:02:04]} 6. cxd5 {[%clk 01:31:58]} {[%emt
00:00:49]} exd5 {[%clk 01:28:21]} {[%emt 00:00:05]} 7. Qc2 {[%clk 01:31:47]}
{[%emt 00:00:41]} Be6 {[%clk 01:20:05]} {[%emt 00:08:46]} 8. e3 {[%clk
01:31:47]} {[%emt 00:00:29]} Nbd7 {[%clk 01:19:28]} {[%emt 00:01:07]} 9. Bd3
{[%clk 01:31:41]} {[%emt 00:00:36]} Rc8 {[%clk 01:18:39]} {[%emt 00:01:20]} 10.
O-O {[%clk 01:30:31]} {[%emt 00:01:41]} h6 {[%clk 01:18:39]} {[%emt 00:00:30]}
11. Bh4 {[%clk 01:30:31]} {[%emt 00:00:29]} c5 {[%clk 01:18:34]} {[%emt
00:00:35]} 12. Rac1 {[%clk 01:27:23]} {[%emt 00:03:38]} a6 {[%clk 01:09:58]}
{[%emt 00:09:06]} 13. Bf5 {[%clk 01:20:43]} {[%emt 00:07:10]} Bxf5 {[%clk
00:57:35]} {[%emt 00:12:54]} 14. Qxf5 {[%clk 01:21:11]} {[%emt 00:00:02]} g6
{[%clk 00:56:41]} {[%emt 00:01:24]} 15. Qd3 {[%clk 01:18:55]} {[%emt 00:02:45]}
c4 {[%clk 00:56:34]} {[%emt 00:00:38]} 16. Qe2 {[%clk 01:14:56]} {[%emt
00:04:29]} b5 {[%clk 00:54:54]} {[%emt 00:02:09]} 17. Ne5 {[%clk 01:11:25]}
{[%emt 00:04:02]} b4 {[%clk 00:50:08]} {[%emt 00:05:15]} 18. Nb1 {[%clk
01:11:30]} {[%emt 00:00:24]} Nxe5 {[%clk 00:47:02]} {[%emt 00:03:37]} 19. dxe5
{[%clk 01:11:52]} {[%emt 00:00:08]} Ne4 {[%clk 00:45:49]} {[%emt 00:01:43]} 20.
Bxe7 {[%clk 01:11:54]} {[%emt 00:00:28]} Qxe7 {[%clk 00:46:14]} {[%emt
00:00:05]} 21. f4 {[%clk 01:11:56]} {[%emt 00:00:28]} Nc5 {[%clk 00:35:52]}
{[%emt 00:10:52]} 22. Nd2 {[%clk 01:09:55]} {[%emt 00:02:30]} f5 {[%clk
00:30:43]} {[%emt 00:05:40]} 23. Nf3 {[%clk 01:05:50]} {[%emt 00:04:35]} a5
{[%clk 00:30:05]} {[%emt 00:01:08]} 24. Nd4 {[%clk 01:05:38]} {[%emt 00:00:42]}
Kh7 {[%clk 00:29:05]} {[%emt 00:01:29]} 25. g4 {[%clk 01:03:18]} {[%emt
00:02:50]} fxg4 {[%clk 00:23:08]} {[%emt 00:06:27]} 26. Qxg4 {[%clk 01:03:27]}
{[%emt 00:00:21]} Rg8 {[%clk 00:23:08]} {[%emt 00:00:30]} 27. Kh1 {[%clk
01:03:08]} {[%emt 00:00:49]} Rcf8 {[%clk 00:22:17]} {[%emt 00:01:21]} 28. Qf3
{[%clk 00:56:43]} {[%emt 00:06:56]} Qd7 {[%clk 00:21:01]} {[%emt 00:01:46]} 29.
Rc2 {[%clk 00:50:54]} {[%emt 00:06:19]} Nd3 {[%clk 00:20:10]} {[%emt 00:01:21]}
30. e6 {[%clk 00:49:47]} {[%emt 00:01:36]} Qd6 {[%clk 00:20:05]} {[%emt
00:00:35]} 31. Qh3 {[%clk 00:49:52]} {[%emt 00:00:23]} Nc5 {[%clk 00:17:33]}
{[%emt 00:03:03]} 32. Rg2 {[%clk 00:46:58]} {[%emt 00:03:24]} Rf6 {[%clk
00:09:29]} {[%emt 00:08:34]} 33. f5 {[%clk 00:44:22]} {[%emt 00:03:06]} g5
{[%clk 00:06:41]} {[%emt 00:03:18]} 34. Qh5 {[%clk 00:34:51]} {[%emt 00:10:00]}
Ne4 {[%clk 00:04:48]} {[%emt 00:02:24]} 35. Qd1 {[%clk 00:34:39]} {[%emt
00:00:41]} Nc5 {[%clk 00:01:56]} {[%emt 00:03:22]} 36. Rfg1 {[%clk 00:29:14]}
{[%emt 00:05:56]} Qe5 {[%clk 00:00:39]} {[%emt 00:01:47]} 37. Qf3 {[%clk
00:25:27]} {[%emt 00:04:17]} Ne4 {[%clk 00:00:42]} {[%emt 00:00:27]} 38. Qh5
{[%clk 00:18:44]} {[%emt 00:07:13]} Nd6 {[%clk 00:00:38]} {[%emt 00:00:34]} 39.
Nf3 {[%clk 00:17:14]} {[%emt 00:02:00]} Qxf5 {[%clk 00:00:39]} {[%emt
00:00:28]} 40. Nxg5+ {[%clk 00:17:31]} {[%emt 00:00:12]} Rxg5 {[%clk 00:00:37]}
{[%emt 00:00:32]} 41. Rxg5 {[%clk 00:17:55]} {[%emt 00:00:07]} Qe4+ {[%clk
00:29:55]} {[%emt 00:01:11]} 42. R5g2 {[%clk 00:48:23]} {[%emt 00:00:03]} Rxe6
{[%clk 00:29:20]} {[%emt 00:01:05]} 43. Rf1 {[%clk 00:37:50]} {[%emt 00:11:02]}
Rg6 {[%clk 00:23:00]} {[%emt 00:06:50]} 44. Qxg6+ {[%clk 00:36:50]} {[%emt
00:01:30]} Qxg6 {[%clk 00:23:25]} {[%emt 00:00:05]} 45. Rxg6 {[%clk 00:37:17]}
{[%emt 00:00:03]} Kxg6 {[%clk 00:23:50]} {[%emt 00:00:05]} 46. Rd1 {[%clk
00:37:29]} {[%emt 00:00:18]} Nf5 {[%clk 00:16:16]} {[%emt 00:08:04]} 47. Rxd5
{[%clk 00:37:25]} {[%emt 00:00:34]} Nxe3 {[%clk 00:16:29]} {[%emt 00:00:17]}
48. Rxa5 {[%clk 00:37:22]} {[%emt 00:00:33]} Nd1 {[%clk 00:15:23]} {[%emt
00:01:37]} 49. Rb5 {[%clk 00:34:15]} {[%emt 00:03:37]} c3 {[%clk 00:07:41]}
{[%emt 00:08:12]} 50. Rxb4 {[%clk 00:32:39]} {[%emt 00:02:06]} Nxb2 {[%clk
00:04:53]} {[%emt 00:03:18]} 51. Rb6+ {[%clk 00:27:54]} {[%emt 00:05:16]} Kf5
{[%clk 00:02:52]} {[%emt 00:02:31]} 52. Rc6 {[%clk 00:28:17]} {[%emt 00:00:06]}
Nd1 {[%clk 00:03:02]} {[%emt 00:00:19]} 53. a4 {[%clk 00:28:34]} {[%emt
00:00:13]} Ke4 {[%clk 00:02:36]} {[%emt 00:00:56]} 54. a5 {[%clk 00:28:53]}
{[%emt 00:00:10]} Kd5 {[%clk 00:02:21]} {[%emt 00:00:45]} 55. Rc8 {[%clk
00:29:04]} {[%emt 00:00:19]} Nf2+ {[%clk 00:02:22]} {[%emt 00:00:29]} 56. Kg2
{[%clk 00:29:32]} {[%emt 00:00:02]} Ne4 {[%clk 00:02:23]} {[%emt 00:00:29]} 57.
a6 {[%clk 00:29:42]} {[%emt 00:00:20]} Nc5 {[%clk 00:02:17]} {[%emt 00:00:36]}
58. Rxc5+ {[%clk 00:30:00]} {[%emt 00:00:11]} Kxc5 {[%clk 00:02:42]} {[%emt
00:00:05]} 59. a7 {[%clk 00:30:27]} {[%emt 00:00:03]} c2 {[%clk 00:02:49]}
{[%emt 00:00:10]} 60. a8=Q {[%clk 00:30:50]} {[%emt 00:00:20]} 1-0

[Event "Deutsche Ländermeisterschaft 2023"]
[Site "Hannover GER"]
[Date "2023.10.03"]
[Round "4"]
[White "Sickmann, Lisa"]
[Black "Haug, Mara"]
[Result "0-1"]
[Termination "normal"]
[Board "4.6"]
[WhiteElo "1864"]
[BlackElo "1728"]
[WhiteClock "00:42:04"]
[BlackClock "00:16:23"]
[WhiteTeam "Schleswig-Holstein"]
[BlackTeam "Baden"]
[PlyCount "110"]
[WhiteFideId "16267818"]
[BlackFideId "16259300"]
[EventCountry "GER"]
[EventRounds "7"]
[EventType "team-swiss"]
[EventDate "2023.09.30"]

1. e4 {[%clk 01:30:58]} c5 {[%clk 01:30:52]} {[%emt 00:00:08]} 2. Nf3 {[%clk
01:31:24]} {[%emt 00:00:05]} Nc6 {[%clk 01:31:13]} {[%emt 00:00:09]} 3. d4
{[%clk 01:31:50]} {[%emt 00:00:04]} cxd4 {[%clk 01:31:35]} {[%emt 00:00:07]} 4.
Nxd4 {[%clk 01:32:17]} {[%emt 00:00:05]} g6 {[%clk 01:31:53]} {[%emt 00:00:12]}
5. c4 {[%clk 01:32:43]} {[%emt 00:00:04]} Bg7 {[%clk 01:32:15]} {[%emt
00:00:07]} 6. Be3 {[%clk 01:33:08]} {[%emt 00:00:05]} Nf6 {[%clk 01:32:33]}
{[%emt 00:00:12]} 7. Nc3 {[%clk 01:33:34]} {[%emt 00:00:04]} O-O {[%clk
01:32:43]} {[%emt 00:00:20]} 8. Be2 {[%clk 01:33:54]} {[%emt 00:00:10]} d6
{[%clk 01:32:57]} {[%emt 00:00:16]} 9. O-O {[%clk 01:34:05]} {[%emt 00:00:18]}
Bd7 {[%clk 01:33:15]} {[%emt 00:00:14]} 10. f3 {[%clk 01:33:58]} {[%emt
00:00:37]} Nxd4 {[%clk 01:31:37]} {[%emt 00:02:08]} 11. Bxd4 {[%clk 01:34:16]}
{[%emt 00:00:12]} a5 {[%clk 01:24:00]} {[%emt 00:08:07]} 12. Qd2 {[%clk
01:29:17]} {[%emt 00:05:28]} Bc6 {[%clk 01:23:41]} {[%emt 00:00:49]} 13. Rad1
{[%clk 01:25:22]} {[%emt 00:04:25]} Nd7 {[%clk 01:22:14]} {[%emt 00:01:57]} 14.
Bxg7 {[%clk 01:23:58]} {[%emt 00:01:53]} Kxg7 {[%clk 01:22:41]} {[%emt
00:00:03]} 15. Qd4+ {[%clk 01:21:13]} {[%emt 00:03:16]} Kg8 {[%clk 01:21:24]}
{[%emt 00:01:48]} 16. f4 {[%clk 01:19:43]} {[%emt 00:02:00]} Qb6 {[%clk
01:19:30]} {[%emt 00:02:22]} 17. Qxb6 {[%clk 01:13:19]} {[%emt 00:06:55]} Nxb6
{[%clk 01:19:58]} {[%emt 00:00:03]} 18. Nd5 {[%clk 01:12:33]} {[%emt 00:01:16]}
Bxd5 {[%clk 01:16:17]} {[%emt 00:04:11]} 19. cxd5 {[%clk 01:12:50]} {[%emt
00:00:13]} Rac8 {[%clk 01:13:49]} {[%emt 00:02:57]} 20. Rc1 {[%clk 01:11:46]}
{[%emt 00:01:34]} Nd7 {[%clk 01:01:36]} {[%emt 00:12:43]} 21. Kf2 {[%clk
00:52:35]} {[%emt 00:19:41]} Rc5 {[%clk 00:51:13]} {[%emt 00:10:52]} 22. Rxc5
{[%clk 00:51:36]} {[%emt 00:01:29]} Nxc5 {[%clk 00:51:39]} {[%emt 00:00:05]}
23. Ke3 {[%clk 00:51:42]} {[%emt 00:00:24]} Rc8 {[%clk 00:43:54]} {[%emt
00:08:13]} 24. Rc1 {[%clk 00:50:51]} {[%emt 00:01:21]} Kf8 {[%clk 00:39:54]}
{[%emt 00:04:31]} 25. a3 {[%clk 00:48:42]} {[%emt 00:02:39]} Rc7 {[%clk
00:38:16]} {[%emt 00:02:08]} 26. b4 {[%clk 00:47:46]} {[%emt 00:01:26]} axb4
{[%clk 00:37:51]} {[%emt 00:00:55]} 27. axb4 {[%clk 00:48:11]} {[%emt
00:00:05]} Na6 {[%clk 00:38:15]} {[%emt 00:00:06]} 28. Rxc7 {[%clk 00:48:23]}
{[%emt 00:00:18]} Nxc7 {[%clk 00:38:37]} {[%emt 00:00:08]} 29. Kd4 {[%clk
00:48:39]} {[%emt 00:00:13]} e6 {[%clk 00:33:04]} {[%emt 00:06:03]} 30. Bc4
{[%clk 00:44:59]} {[%emt 00:04:10]} Ke7 {[%clk 00:30:00]} {[%emt 00:03:34]} 31.
g4 {[%clk 00:42:08]} {[%emt 00:03:21]} h6 {[%clk 00:26:45]} {[%emt 00:03:45]}
32. e5 {[%clk 00:40:52]} {[%emt 00:01:47]} Kd7 {[%clk 00:12:59]} {[%emt
00:14:15]} 33. Ke4 {[%clk 00:37:07]} {[%emt 00:04:16]} Ke7 {[%clk 00:11:23]}
{[%emt 00:02:07]} 34. f5 {[%clk 00:35:09]} {[%emt 00:02:28]} exf5+ {[%clk
00:03:53]} {[%emt 00:07:59]} 35. gxf5 {[%clk 00:34:50]} {[%emt 00:00:48]} dxe5
{[%clk 00:03:18]} {[%emt 00:01:05]} 36. Kxe5 {[%clk 00:33:42]} {[%emt
00:01:38]} f6+ {[%clk 00:03:09]} {[%emt 00:00:40]} 37. Ke4 {[%clk 00:19:51]}
{[%emt 00:14:20]} g5 {[%clk 00:03:19]} {[%emt 00:00:20]} 38. Kd4 {[%clk
00:15:24]} {[%emt 00:04:58]} Kd6 {[%clk 00:03:41]} {[%emt 00:00:08]} 39. Bb3
{[%clk 00:13:10]} {[%emt 00:02:43]} Na6 {[%clk 00:01:31]} {[%emt 00:02:39]} 40.
Kc4 {[%clk 00:12:06]} {[%emt 00:01:35]} Nc7 {[%clk 00:01:45]} {[%emt 00:00:17]}
41. Kd4 {[%clk 00:12:26]} {[%emt 00:00:09]} b5 {[%clk 00:21:49]} {[%emt
00:10:27]} 42. Ba2 {[%clk 00:41:02]} {[%emt 00:01:54]} Na6 {[%clk 00:21:42]}
{[%emt 00:00:35]} 43. Kc3 {[%clk 00:41:25]} {[%emt 00:00:09]} Ke5 {[%clk
00:21:28]} {[%emt 00:00:43]} 44. Bb3 {[%clk 00:41:42]} {[%emt 00:00:13]} Nc7
{[%clk 00:21:15]} {[%emt 00:00:43]} 45. d6 {[%clk 00:40:13]} {[%emt 00:02:00]}
Kxd6 {[%clk 00:21:34]} {[%emt 00:00:11]} 46. Kd4 {[%clk 00:40:39]} {[%emt
00:00:04]} Na6 {[%clk 00:21:17]} {[%emt 00:00:47]} 47. Kc3 {[%clk 00:41:05]}
{[%emt 00:00:05]} Ke5 {[%clk 00:21:17]} {[%emt 00:00:29]} 48. Bc2 {[%clk
00:41:31]} {[%emt 00:00:04]} Nc7 {[%clk 00:20:23]} {[%emt 00:01:24]} 49. Bd3
{[%clk 00:41:51]} {[%emt 00:00:11]} h5 {[%clk 00:19:26]} {[%emt 00:01:26]} 50.
Be2 {[%clk 00:41:22]} {[%emt 00:00:59]} g4 {[%clk 00:18:36]} {[%emt 00:01:21]}
51. Bd3 {[%clk 00:41:39]} {[%emt 00:00:13]} h4 {[%clk 00:18:14]} {[%emt
00:00:52]} 52. Be2 {[%clk 00:41:17]} {[%emt 00:00:52]} g3 {[%clk 00:15:56]}
{[%emt 00:02:48]} 53. hxg3 {[%clk 00:41:22]} {[%emt 00:00:26]} hxg3 {[%clk
00:16:22]} {[%emt 00:00:04]} 54. Bf3 {[%clk 00:41:45]} {[%emt 00:00:06]} Nd5+
{[%clk 00:16:11]} {[%emt 00:00:40]} 55. Kb3 {[%clk 00:42:04]} {[%emt 00:00:12]}
Ne3 {[%clk 00:16:23]} {[%emt 00:00:17]} 0-1

[Event "Deutsche Ländermeisterschaft 2023"]
[Site "Hannover GER"]
[Date "2023.10.03"]
[Round "4"]
[White "Kateryniuk, Ivan"]
[Black "Lanert, Theodor"]
[Result "1/2-1/2"]
[Termination "normal"]
[Board "4.7"]
[WhiteElo "1561"]
[BlackElo "1404"]
[WhiteClock "00:07:49"]
[BlackClock "01:09:00"]
[WhiteTeam "Baden"]
[BlackTeam "Schleswig-Holstein"]
[PlyCount "89"]
[WhiteFideId "34138943"]
[BlackFideId "34605576"]
[EventCountry "GER"]
[EventRounds "7"]
[EventType "team-swiss"]
[EventDate "2023.09.30"]

1. e4 {[%clk 01:30:46]} {[%emt 00:00:12]} c5 {[%clk 01:30:52]} {[%emt
00:00:08]} 2. c3 {[%clk 01:31:11]} {[%emt 00:00:05]} d5 {[%clk 01:31:17]}
{[%emt 00:00:06]} 3. exd5 {[%clk 01:31:30]} {[%emt 00:00:10]} Qxd5 {[%clk
01:31:42]} {[%emt 00:00:06]} 4. d4 {[%clk 01:31:50]} {[%emt 00:00:09]} Nf6
{[%clk 01:32:07]} {[%emt 00:00:06]} 5. Nf3 {[%clk 01:32:11]} {[%emt 00:00:10]}
Bg4 {[%clk 01:32:29]} {[%emt 00:00:08]} 6. Be2 {[%clk 01:32:30]} {[%emt
00:00:10]} e6 {[%clk 01:32:45]} {[%emt 00:00:14]} 7. O-O {[%clk 01:32:37]}
{[%emt 00:00:23]} Nc6 {[%clk 01:32:31]} {[%emt 00:00:44]} 8. Be3 {[%clk
01:32:37]} {[%emt 00:00:30]} cxd4 {[%clk 01:32:55]} {[%emt 00:00:06]} 9. cxd4
{[%clk 01:33:02]} {[%emt 00:00:04]} Be7 {[%clk 01:33:19]} {[%emt 00:00:06]} 10.
Nc3 {[%clk 01:33:23]} {[%emt 00:00:09]} Qd6 {[%clk 01:33:37]} {[%emt 00:00:12]}
11. Rc1 {[%clk 01:31:48]} {[%emt 00:02:05]} a6 {[%clk 01:29:59]} {[%emt
00:04:08]} 12. h3 {[%clk 01:29:48]} {[%emt 00:02:30]} Bh5 {[%clk 01:29:57]}
{[%emt 00:00:32]} 13. Na4 {[%clk 01:19:46]} {[%emt 00:10:32]} O-O {[%clk
01:29:29]} {[%emt 00:00:57]} 14. Nb6 {[%clk 01:09:47]} {[%emt 00:10:28]} Rad8
{[%clk 01:29:16]} {[%emt 00:00:44]} 15. Nc4 {[%clk 01:08:10]} {[%emt 00:02:06]}
Qd7 {[%clk 01:24:48]} {[%emt 00:04:59]} 16. Nce5 {[%clk 01:03:54]} {[%emt
00:04:45]} Nxe5 {[%clk 01:21:22]} {[%emt 00:03:56]} 17. Nxe5 {[%clk 00:48:22]}
{[%emt 00:16:02]} Bxe2 {[%clk 01:21:46]} {[%emt 00:00:07]} 18. Qxe2 {[%clk
00:48:21]} {[%emt 00:00:31]} Qd6 {[%clk 01:20:30]} {[%emt 00:01:47]} 19. Nd3
{[%clk 00:42:04]} {[%emt 00:06:44]} Nd5 {[%clk 01:20:40]} {[%emt 00:00:23]} 20.
Nc5 {[%clk 00:39:52]} {[%emt 00:02:41]} Qb6 {[%clk 01:20:14]} {[%emt 00:00:56]}
21. a3 {[%clk 00:37:18]} {[%emt 00:03:05]} Rd6 {[%clk 01:19:30]} {[%emt
00:01:14]} 22. b4 {[%clk 00:36:40]} {[%emt 00:01:06]} Rfd8 {[%clk 01:19:29]}
{[%emt 00:00:32]} 23. Rfd1 {[%clk 00:32:44]} {[%emt 00:04:26]} Bf6 {[%clk
01:19:00]} {[%emt 00:01:00]} 24. Ne4 {[%clk 00:32:28]} {[%emt 00:00:47]} R6d7
{[%clk 01:15:15]} {[%emt 00:04:16]} 25. Nxf6+ {[%clk 00:32:12]} {[%emt
00:00:46]} Nxf6 {[%clk 01:14:05]} {[%emt 00:01:40]} 26. d5 {[%clk 00:28:23]}
{[%emt 00:04:18]} Qd6 {[%clk 01:07:11]} {[%emt 00:07:24]} 27. Bc5 {[%clk
00:28:02]} {[%emt 00:00:52]} Qf4 {[%clk 01:06:51]} {[%emt 00:00:49]} 28. dxe6
{[%clk 00:20:10]} {[%emt 00:08:21]} Rxd1+ {[%clk 01:07:04]} {[%emt 00:00:18]}
29. Rxd1 {[%clk 00:20:39]} {[%emt 00:00:02]} Rxd1+ {[%clk 01:07:23]} {[%emt
00:00:10]} 30. Qxd1 {[%clk 00:21:05]} {[%emt 00:00:04]} fxe6 {[%clk 01:07:14]}
{[%emt 00:00:39]} 31. Qd8+ {[%clk 00:15:10]} {[%emt 00:06:25]} Kf7 {[%clk
01:07:38]} {[%emt 00:00:07]} 32. Qe7+ {[%clk 00:15:28]} {[%emt 00:00:11]} Kg6
{[%clk 01:08:02]} {[%emt 00:00:06]} 33. Qxe6 {[%clk 00:15:17]} {[%emt
00:00:40]} Qc1+ {[%clk 01:07:52]} {[%emt 00:00:40]} 34. Kh2 {[%clk 00:15:43]}
{[%emt 00:00:05]} Qxa3 {[%clk 01:05:13]} {[%emt 00:03:10]} 35. h4 {[%clk
00:09:39]} {[%emt 00:06:32]} Qc1 {[%clk 00:56:40]} {[%emt 00:09:04]} 36. h5+
{[%clk 00:07:37]} {[%emt 00:02:33]} Kxh5 {[%clk 00:55:01]} {[%emt 00:02:09]}
37. Qf7+ {[%clk 00:06:54]} {[%emt 00:01:12]} Kg4 {[%emt 00:04:13]} 38. Be3 Qc6
{[%clk 00:49:37]} {[%emt 00:04:18]} 39. f3+ {[%clk 00:03:45]} {[%emt 00:02:03]}
Kf5 {[%clk 00:49:03]} {[%emt 00:01:04]} 40. g4+ {[%clk 00:02:00]} {[%emt
00:02:15]} Ke5 {[%clk 00:48:51]} {[%emt 00:00:42]} 41. Kg3 {[%clk 00:19:24]}
{[%emt 00:13:04]} Qd7 {[%clk 01:12:20]} {[%emt 00:07:04]} 42. Qc4 {[%clk
00:17:40]} {[%emt 00:02:13]} Nd5 {[%clk 01:11:05]} {[%emt 00:01:46]} 43. Qe4+
{[%clk 00:12:34]} {[%emt 00:05:36]} Kf6 {[%clk 01:10:15]} {[%emt 00:01:19]} 44.
Bd4+ {[%clk 00:09:19]} {[%emt 00:03:45]} Kf7 {[%clk 01:09:00]} {[%emt
00:01:45]} 45. Qxh7 {[%clk 00:07:49]} {[%emt 00:02:00]} 1/2-1/2